[Event "DVM U16 2020"]
[Site "Willingen GER"]
[Date "2021.06.24"]
[Round "1"]
[White "Heutling, Elina"]
[Black "Gerold, Robin"]
[Result "1-0"]
[Termination "normal"]
[Board "7.2"]
[WhiteElo "1922"]
[BlackElo "1438"]
[WhiteClock "00:08:50"]
[BlackClock "00:02:32"]
[WhiteTeam "Schachzwerge Magdeburg"]
[BlackTeam "SF HN-Biberach 1978 e.V."]
[PlyCount "56"]
[WhiteFideId "16244729"]
[BlackFideId "16235185"]
[EventCountry "GER"]
[EventRounds "7"]
[EventType "team-swiss"]
[EventDate "2021.06.23"]

1. e4 {[%clk 1:30:57]} c5 {[%clk 1:30:52]} 2. Nf3 {[%clk 1:31:22]} Nc6 {[%clk
1:31:07]} 3. d4 {[%clk 1:31:44]} cxd4 {[%clk 1:31:10]} 4. Nxd4 {[%clk 1:32:10]}
g6 {[%clk 1:31:23]} 5. c4 {[%clk 1:32:19]} Bg7 {[%clk 1:31:35]} 6. Be3 {[%clk
1:32:39]} Nf6 {[%clk 1:30:57]} 7. Nc3 {[%clk 1:32:54]} O-O {[%clk 1:22:51]} 8.
Be2 {[%clk 1:32:59]} d6 {[%clk 1:20:11]} 9. f3 {[%clk 1:32:12]} Re8 {[%clk
1:17:16]} 10. Qd2 {[%clk 1:29:59]} a6 {[%clk 1:08:48]} 11. O-O {[%clk 1:18:19]}
Bd7 {[%clk 0:55:05]} 12. Rfc1 {[%clk 1:08:24]} Rc8 {[%clk 0:49:43]} 13. Rab1
{[%clk 1:05:12]} Nxd4 {[%clk 0:46:08]} 14. Bxd4 {[%clk 1:02:38]} Bc6 {[%clk
0:45:41]} 15. b4 {[%clk 1:00:39]} e6 {[%clk 0:38:56]} 16. a4 {[%clk 0:56:12]}
Re7 {[%clk 0:36:39]} 17. a5 {[%clk 0:51:15]} Be8 {[%clk 0:29:33]} 18. Bb6
{[%clk 0:43:32]} Qd7 {[%clk 0:29:29]} 19. Rd1 {[%clk 0:43:31]} Nh5 {[%clk
0:19:56]} 20. Rbc1 {[%clk 0:33:51]} d5 {[%clk 0:18:43]} 21. Bc5 {[%clk
0:25:07]} dxc4 {[%clk 0:16:59]} 22. Qe3 {[%clk 0:17:39]} Qc7 {[%clk 0:13:31]}
23. Bxe7 {[%clk 0:11:16]} Qxe7 {[%clk 0:13:32]} 24. Qb6 {[%clk 0:10:36]} Nf4
{[%clk 0:11:54]} 25. Bf1 {[%clk 0:10:27]} Nd3 {[%clk 0:02:56]} 26. Bxd3 {[%clk
0:09:51]} cxd3 {[%clk 0:03:23]} 27. Nd5 {[%clk 0:08:41]} Qd8 {[%clk 0:02:32]}
28. Rxc8 {[%clk 0:08:50]} Qd7 1-0

[Event "DVM U16 2020"]
[Site "Willingen GER"]
[Date "2021.06.24"]
[Round "1"]
[White "Martsfeld, Jonas"]
[Black "Zeuner, Ole"]
[Result "0-1"]
[Termination "normal"]
[Board "7.3"]
[WhiteElo "1381"]
[BlackElo "1770"]
[WhiteClock "00:09:21"]
[BlackClock "00:06:48"]
[WhiteTeam "SF HN-Biberach 1978 e.V."]
[BlackTeam "Schachzwerge Magdeburg"]
[PlyCount "80"]
[WhiteFideId "16255640"]
[BlackFideId "12943576"]
[EventCountry "GER"]
[EventRounds "7"]
[EventType "team-swiss"]
[EventDate "2021.06.23"]

1. e4 {[%clk 1:30:57]} e5 {[%clk 1:30:37]} 2. f4 {[%clk 1:31:21]} d5 {[%clk
1:30:01]} 3. exd5 {[%clk 1:31:15]} exf4 {[%clk 1:26:31]} 4. Bb5+ {[%clk
1:25:11]} Bd7 {[%clk 1:25:07]} 5. Qe2+ {[%clk 1:25:22]} Qe7 {[%clk 1:19:37]} 6.
Nc3 {[%clk 1:23:56]} Nf6 {[%clk 1:17:58]} 7. d6 {[%clk 1:11:28]} Qxe2+ {[%clk
1:14:29]} 8. Ngxe2 {[%clk 1:11:43]} Bxd6 {[%clk 1:14:45]} 9. d3 {[%clk
1:11:45]} Nc6 {[%clk 1:08:18]} 10. Bxf4 Bxf4 {[%clk 1:02:12]} 11. Nxf4 {[%clk
1:07:48]} O-O-O {[%clk 1:01:11]} 12. O-O-O {[%clk 1:03:38]} Rde8 {[%clk
0:50:43]} 13. Rde1 {[%clk 1:03:32]} Nd4 {[%clk 0:48:02]} 14. Bc4 {[%clk
0:59:25]} Rhf8 {[%clk 0:43:31]} 15. Rxe8+ {[%clk 0:51:21]} Bxe8 {[%clk
0:41:14]} 16. Re1 {[%clk 0:47:09]} b5 {[%clk 0:32:22]} 17. Bd5 {[%clk 0:39:57]}
Nxd5 {[%clk 0:28:21]} 18. Ncxd5 {[%clk 0:37:33]} c6 {[%clk 0:26:50]} 19. Ne7+
{[%clk 0:34:10]} Kd8 {[%clk 0:25:27]} 20. Re4 {[%clk 0:22:50]} Ne6 {[%clk
0:23:15]} 21. Nf5 {[%clk 0:21:58]} Nxf4 {[%clk 0:21:53]} 22. Rxf4 {[%clk
0:22:19]} g5 {[%clk 0:19:07]} 23. Re4 {[%clk 0:19:11]} Bd7 {[%clk 0:17:53]} 24.
g4 {[%clk 0:10:58]} Bxf5 {[%clk 0:09:23]} 25. gxf5 {[%clk 0:11:26]} Re8 {[%clk
0:09:45]} 26. Kd2 {[%clk 0:11:19]} Rxe4 {[%clk 0:08:11]} 27. dxe4 {[%clk
0:11:48]} f6 {[%clk 0:08:11]} 28. Ke3 {[%clk 0:12:04]} Ke7 {[%clk 0:07:49]} 29.
Kd4 {[%clk 0:09:20]} Kd6 {[%clk 0:07:05]} 30. b4 {[%clk 0:09:14]} h5 {[%clk
0:06:45]} 31. c4 {[%clk 0:08:46]} bxc4 {[%clk 0:05:42]} 32. Kxc4 {[%clk
0:09:10]} g4 {[%clk 0:05:55]} 33. Kd4 {[%clk 0:09:11]} h4 {[%clk 0:05:14]} 34.
Ke3 {[%clk 0:08:17]} Ke5 {[%clk 0:05:20]} 35. a4 {[%clk 0:08:31]} a6 {[%clk
0:05:23]} 36. a5 {[%clk 0:08:43]} h3 {[%clk 0:05:40]} 37. Kf2 {[%clk 0:08:42]}
Kxe4 {[%clk 0:06:00]} 38. Kg3 {[%clk 0:09:03]} Kxf5 {[%clk 0:06:22]} 39. Kh4
{[%clk 0:09:08]} Kf4 {[%clk 0:06:29]} 40. Kh5 {[%clk 0:09:21]} g3 {[%clk
0:06:48]} 0-1

[Event "DVM U16 2020"]
[Site "Willingen GER"]
[Date "2021.06.24"]
[Round "1"]
[White "Morgenstern, Tobias"]
[Black "Iyengar, Sriram"]
[Result "1-0"]
[Termination "normal"]
[Board "7.4"]
[WhiteElo "1971"]
[BlackElo "1208"]
[WhiteClock "00:32:37"]
[BlackClock "00:16:52"]
[WhiteTeam "Schachzwerge Magdeburg"]
[BlackTeam "SF HN-Biberach 1978 e.V."]
[PlyCount "59"]
[WhiteFideId "12974390"]
[BlackFideId "16269110"]
[EventCountry "GER"]
[EventRounds "7"]
[EventType "team-swiss"]
[EventDate "2021.06.23"]

1. e4 {[%clk 1:30:58]} e5 {[%clk 1:30:50]} 2. Nf3 {[%clk 1:31:19]} Nc6 {[%clk
1:31:12]} 3. Bb5 {[%clk 1:31:42]} a6 {[%clk 1:31:22]} 4. Ba4 {[%clk 1:32:06]}
b5 {[%clk 1:29:52]} 5. Bb3 {[%clk 1:32:33]} Nf6 {[%clk 1:30:07]} 6. O-O {[%clk
1:31:12]} Bc5 {[%clk 1:29:03]} 7. c3 {[%clk 1:22:49]} Nxe4 {[%clk 1:20:59]} 8.
d4 {[%clk 1:20:18]} exd4 {[%clk 1:20:15]} 9. cxd4 {[%clk 1:20:13]} Be7 {[%clk
1:18:07]} 10. Bxf7+ {[%clk 0:53:54]} Kxf7 {[%clk 1:11:33]} 11. d5 {[%clk
0:53:31]} Nb8 {[%clk 0:59:24]} 12. Ne5+ {[%clk 0:48:41]} Kg8 {[%clk 0:48:38]}
13. d6 {[%clk 0:47:30]} Nxd6 {[%clk 0:48:30]} 14. Qd5+ {[%clk 0:46:09]} Kf8
{[%clk 0:46:37]} 15. Qxa8 {[%clk 0:45:45]} Bb7 {[%clk 0:31:20]} 16. Qxb8 {[%clk
0:45:44]} Qxb8 {[%clk 0:29:41]} 17. Nxd7+ {[%clk 0:46:06]} Kf7 {[%clk 0:29:58]}
18. Nxb8 {[%clk 0:46:34]} Rxb8 {[%clk 0:30:14]} 19. Bf4 {[%clk 0:41:50]} Ne4
{[%clk 0:25:47]} 20. Nc3 {[%clk 0:38:10]} Nxc3 {[%clk 0:22:53]} 21. bxc3 {[%clk
0:35:06]} Rc8 {[%clk 0:22:59]} 22. Rad1 {[%clk 0:34:49]} c5 {[%clk 0:22:23]}
23. Rd7 {[%clk 0:34:23]} Bc6 {[%clk 0:22:00]} 24. Ra7 {[%clk 0:34:45]} b4
{[%clk 0:21:39]} 25. Bd6 {[%clk 0:32:18]} Bb5 {[%clk 0:16:27]} 26. Rxe7+ {[%clk
0:32:16]} Kf6 {[%clk 0:16:34]} 27. Rfe1 {[%clk 0:31:31]} bxc3 {[%clk 0:16:34]}
28. Rc7 {[%clk 0:31:44]} Rd8 {[%clk 0:16:35]} 29. Be7+ {[%clk 0:32:10]} Kg6
{[%clk 0:16:52]} 30. Bxd8 {[%clk 0:32:37]} 1-0

[Event "DVM U16 2020"]
[Site "Willingen GER"]
[Date "2021.06.24"]
[Round "1"]
[White "Nguyen, Alex Dac-Vuong"]
[Black "Wang, Xinyuan"]
[Result "1-0"]
[Termination "normal"]
[Board "8.1"]
[WhiteTitle "FM"]
[WhiteElo "2307"]
[BlackElo "1759"]
[WhiteTeam "Schachgemeinschaft Leipzig"]
[BlackTeam "Karlsruher SF 1853"]
[PlyCount "49"]
[WhiteFideId "12984388"]
[BlackFideId "16221494"]
[EventCountry "GER"]
[EventRounds "7"]
[EventType "team-swiss"]
[EventDate "2021.06.23"]

{[%evp 0,49,34,-11,10,10,10,18,12,23,10,28,25,26,36,0,12,-37,-2,-30,15,28,23,
29,51,22,34,-1,68,64,99,122,113,114,114,114,131,151,156,145,171,179,179,189,
207,226,231,231,301,281,589,589]} 1. c4 c5 2. Nf3 Nf6 3. Nc3 Nc6 4. g3 d5 5.
cxd5 Nxd5 6. Bg2 Nc7 7. a3 e5 8. b4 a6 9. O-O c4 10. d3 cxd3 11. exd3 Be7 12.
Re1 O-O 13. Bb2 Bf6 14. Ne4 Re8 15. d4 Bg4 16. Nxf6+ Qxf6 17. dxe5 Qf5 18. Nd4
Qg6 19. Qc2 Nxd4 20. Qxg6 hxg6 21. Bxd4 Nb5 22. Bc5 Rad8 23. Bxb7 Nc3 24. Bxa6
Bf3 25. Re3 1-0

[Event "DVM U16 2020"]
[Site "Willingen GER"]
[Date "2021.06.24"]
[Round "1"]
[White "Kravtsov, Maksim"]
[Black "Haufe, Laurin"]
[Result "1-0"]
[Termination "normal"]
[Board "8.2"]
[WhiteElo "1805"]
[BlackElo "2052"]
[WhiteTeam "Karlsruher SF 1853"]
[BlackTeam "Schachgemeinschaft Leipzig"]
[PlyCount "94"]
[WhiteFideId "54173868"]
[BlackFideId "12976504"]
[EventCountry "GER"]
[EventRounds "7"]
[EventType "team-swiss"]
[EventDate "2021.06.23"]

{[%evp 0,82,34,15,24,28,46,40,31,16,46,40,37,17,39,32,35,19,70,52,36,26,33,36,
29,13,-1,-9,-24,-3,-7,-1,22,0,24,35,28,16,61,52,41,57,64,56,99,70,92,62,99,120,
106,124,145,145,122,100,122,49,56,35,23,57,57,53,66,65,67,62,53,12,36,-101,15,
34,38,38,87,68,78,95,256,3,7,-12,-2]} 1. d4 Nf6 2. Nf3 g6 3. Bg5 Bg7 4. Nbd2 d6
5. e4 O-O 6. Bd3 Nbd7 7. O-O e5 8. c3 c6 9. Rc1 Qc7 10. a4 h6 11. Bh4 Nh5 12.
b4 Nf4 13. Nb3 Re8 14. Bg3 Nxd3 15. Qxd3 Nf8 16. h3 Be6 17. c4 Rad8 18. d5 Bc8
19. Nfd2 f5 20. f3 Nh7 21. Bf2 fxe4 22. fxe4 Rf8 23. c5 cxd5 24. Qxd5+ Kh8 25.
cxd6 Qxd6 26. Qxd6 Rxd6 27. Bc5 Rxf1+ 28. Kxf1 Rf6+ 29. Ke2 Bd7 30. Bxa7 Bxa4
31. Rc7 Bb5+ 32. Ke1 Ba6 33. Nc5 Ng5 34. Nxb7 Ne6 35. Re7 Nf4 36. Nc5 Nxg2+ 37.
Kd1 Bb5 38. Rb7 Bf1 39. b5 Ne3+ 40. Ke1 Bxh3 41. Rb8+ Kh7 42. b6 Bf8 43. b7 Bd6
44. Rd8 Bc7 45. Re8 Rf7 46. Bb8 Bf1 47. Bxc7 Rxc7 1-0

[Event "DVM U16 2020"]
[Site "Willingen GER"]
[Date "2021.06.24"]
[Round "1"]
[White "Schäfer, Konstantin"]
[Black "Borodaev, Roman"]
[Result "1-0"]
[Termination "normal"]
[Board "8.3"]
[WhiteElo "1754"]
[BlackElo "1657"]
[WhiteClock "00:05:41"]
[BlackClock "00:19:35"]
[WhiteTeam "Schachgemeinschaft Leipzig"]
[BlackTeam "Karlsruher SF 1853"]
[PlyCount "85"]
[WhiteFideId "16240510"]
[BlackFideId "16274881"]
[EventCountry "GER"]
[EventRounds "7"]
[EventType "team-swiss"]
[EventDate "2021.06.23"]

{[%evp 0,83,34,25,46,46,70,57,49,34,37,23,18,-1,43,-11,-6,0,8,25,44,28,55,28,
28,28,38,-2,-74,-50,2,-131,-113,-128,-180,-167,-215,-215,-59,-309,-162,-362,
-161,-125,-182,-300,-51,-75,-57,-50,-43,-43,-22,-74,-71,-67,-31,-20,-21,-32,
-28,-23,-12,-10,-8,-3,0,0,0,-29,-30,-40,0,0,0,0,0,0,0,-64,-65,-70,-66,-85,101,
111]} 1. e4 c5 2. Nf3 d6 3. d4 cxd4 4. Nxd4 Nf6 5. f3 Nc6 6. c4 e6 7. Nc2 Be7
8. Nc3 O-O 9. Be3 d5 10. cxd5 exd5 11. exd5 Nb4 12. Bc4 b5 13. Nxb5 Nfxd5 14.
Bf2 Nf4 15. Ne3 Nbd3+ 16. Bxd3 Nxd3+ 17. Ke2 Nxf2 18. Kxf2 Qb6 19. Qb3 Bc5 20.
Rhe1 Re8 21. Na3 Qh6 22. Nac2 Qxh2 23. Qd5 Bxe3+ 24. Nxe3 Qh4+ 25. Kg1 Be6 26.
Qe4 Qxe4 27. fxe4 Rab8 28. b3 h6 29. Rac1 a5 30. Nd5 Bxd5 31. exd5 Rxe1+ 32.
Rxe1 Rd8 33. Rd1 Kf8 34. Kf2 Ke7 35. Ke3 Kd6 36. Kd4 Rb8 37. Rc1 Rb4+ 38. Rc4
f5 39. Rxb4 axb4 40. Kc4 f4 41. Kxb4 g5 42. Kc4 g4 43. Kd4 1-0

[Event "DVM U16 2020"]
[Site "Willingen GER"]
[Date "2021.06.24"]
[Round "1"]
[White "Gülsen, Sinan Yilmaz"]
[Black "Zinke, Mirko"]
[Result "0-1"]
[Termination "normal"]
[Board "8.4"]
[WhiteElo "1357"]
[BlackElo "1534"]
[WhiteClock "00:35:49"]
[BlackClock "00:40:09"]
[WhiteTeam "Karlsruher SF 1853"]
[BlackTeam "Schachgemeinschaft Leipzig"]
[PlyCount "64"]
[WhiteFideId "34606017"]
[BlackFideId "16240600"]
[EventCountry "GER"]
[EventRounds "7"]
[EventType "team-swiss"]
[EventDate "2021.06.23"]

{[%evp 0,64,26,15,28,12,19,3,13,14,15,9,31,44,22,14,12,2,-2,6,28,27,27,-2,40,
23,18,33,36,-1,-2,-31,-3,-18,-2,-75,-81,-71,-64,-51,-43,-36,-14,15,14,1,0,-5,
-6,10,26,-30,0,-110,-9,-40,343,44,106,-339,-406,-29987,-29988,-29995,-29996,
-29997,-29998]} 1. Nf3 Nf6 2. e3 g6 3. c4 Bg7 4. Nc3 d6 5. d4 a5 6. a3 Nbd7 7.
e4 O-O 8. h3 e5 9. dxe5 Nxe5 10. Nxe5 dxe5 11. Be2 c6 12. Be3 Qe7 13. O-O Be6
14. Qc1 Nd7 15. b3 f5 16. Bg5 Qf7 17. Bd3 Nc5 18. Bc2 f4 19. f3 h6 20. Bh4 g5
21. Bf2 Nd7 22. Kh2 Kh7 23. Qb1 Rh8 24. Nd5 Rad8 25. Rh1 h5 26. Nb6 Nxb6 27.
Bxb6 Bf8 28. Bxa5 Bc5 29. Bc3 g4 30. hxg4 hxg4 31. g3 Qh5+ 32. Kg2 gxf3+ 0-1

[Event "DVM U16 2020"]
[Site "Willingen GER"]
[Date "2021.06.24"]
[Round "1"]
[White "Weishäutel, Moritz"]
[Black "Yi, Danny"]
[Result "1-0"]
[Termination "normal"]
[Board "9.1"]
[BlackTitle "FM"]
[WhiteElo "2207"]
[BlackElo "2253"]
[WhiteTeam "Erfurter Schachklub"]
[BlackTeam "SF 59 Kornwestheim"]
[PlyCount "49"]
[WhiteFideId "12967300"]
[BlackFideId "12988588"]
[EventCountry "GER"]
[EventRounds "7"]
[EventType "team-swiss"]
[EventDate "2021.06.23"]

1. d4 Nf6 2. Bg5 Ne4 3. h4 c5 4. d5 d6 5. Qd3 f5 6. Nd2 Qa5 7. Ngf3 h6 8. Bf4
g6 9. c3 Nf6 10. e4 fxe4 11. Nxe4 Nxe4 12. Qxe4 Bf5 13. Qe3 Nd7 14. Bxd6 Qb6
15. Bf4 Qxb2 16. Rc1 Qxa2 17. Bb5 Qa5 18. Bxd7+ Bxd7 19. O-O Bf5 20. Ne5 Rg8
21. g4 g5 22. hxg5 hxg5 23. Bg3 Bg6 24. d6 e6 25. Nc4 1-0

[Event "DVM U16 2020"]
[Site "Willingen GER"]
[Date "2021.06.24"]
[Round "1"]
[White "Afonso, Nils"]
[Black "Seinsoth, Paul"]
[Result "0-1"]
[Termination "normal"]
[Board "9.2"]
[WhiteElo "1960"]
[BlackElo "1737"]
[WhiteTeam "SF 59 Kornwestheim"]
[BlackTeam "Erfurter Schachklub"]
[PlyCount "66"]
[WhiteFideId "12990582"]
[BlackFideId "12994634"]
[EventCountry "GER"]
[EventRounds "7"]
[EventType "team-swiss"]
[EventDate "2021.06.23"]

1. d4 Nf6 2. c4 e6 3. Nc3 Bb4 4. Qc2 Nc6 5. Nf3 d6 6. e4 e5 7. d5 Bxc3+ 8. bxc3
Nb8 9. h3 O-O 10. Be2 Qe7 11. O-O h6 12. Re1 Ne8 13. Bd3 Qf6 14. Nh2 Na6 15.
Ba3 Nc5 16. Bf1 b6 17. g3 Rb8 18. Bg2 Qg6 19. Rab1 f5 20. Bxc5 dxc5 21. Nf3 Qf6
22. Nh4 f4 23. Qa4 Nd6 24. Qxa7 Bd7 25. Qxc7 Rb7 26. Qxb7 Nxb7 27. Nf5 Bxf5 28.
exf5 Qxf5 29. Rxb6 fxg3 30. f3 Na5 31. Re6 Nxc4 32. Re4 Nd2 33. Rg4 Qb1+ 0-1

[Event "DVM U16 2020"]
[Site "Willingen GER"]
[Date "2021.06.24"]
[Round "1"]
[White "Nakhle, Fabrice"]
[Black "Kluge, Malte"]
[Result "0-1"]
[Termination "normal"]
[Board "9.3"]
[WhiteElo "1254"]
[BlackElo "1652"]
[WhiteTeam "Erfurter Schachklub"]
[BlackTeam "SF 59 Kornwestheim"]
[PlyCount "50"]
[WhiteFideId "34606009"]
[BlackFideId "16243838"]
[EventCountry "GER"]
[EventRounds "7"]
[EventType "team-swiss"]
[EventDate "2021.06.23"]

1. e4 c5 2. Nc3 d6 3. f4 Nc6 4. Bb5 Bd7 5. Nf3 e6 6. O-O Be7 7. d3 Nf6 8. Qe1
Nd4 9. Bxd7+ Qxd7 10. Nxd4 cxd4 11. Ne2 e5 12. f5 O-O-O 13. c3 d5 14. exd5 Qxd5
15. c4 Qc6 16. Ng3 Ng4 17. h3 Ne3 18. Bxe3 dxe3 19. Qxe3 Bc5 20. Qxc5 Qxc5+ 21.
Kh2 Rxd3 22. Rac1 e4 23. Rcd1 Rxd1 24. Rxd1 Rd8 25. Nxe4 Qe5+ 0-1

[Event "DVM U16 2020"]
[Site "Willingen GER"]
[Date "2021.06.24"]
[Round "1"]
[White "Afonso, Phil"]
[Black "Wildner, Mateo"]
[Result "0-1"]
[Termination "normal"]
[Board "9.4"]
[WhiteElo "1542"]
[BlackElo "1176"]
[WhiteTeam "SF 59 Kornwestheim"]
[BlackTeam "Erfurter Schachklub"]
[PlyCount "156"]
[WhiteFideId "16207475"]
[BlackFideId "34605991"]
[EventCountry "GER"]
[EventRounds "7"]
[EventType "team-swiss"]
[EventDate "2021.06.23"]

1. e4 c5 2. Nf3 d6 3. d4 cxd4 4. Nxd4 Nf6 5. Nc3 a6 6. Be3 e5 7. Nb3 Be6 8. f3
Nc6 9. Be2 d5 10. exd5 Nxd5 11. Nxd5 Bxd5 12. Qd2 Be7 13. Rd1 Be6 14. Qxd8+
Rxd8 15. Rxd8+ Nxd8 16. O-O f6 17. Rd1 Kf7 18. Bc5 Bxb3 19. Bxe7 Kxe7 20. axb3
Nc6 21. c3 Rd8 22. Rxd8 Kxd8 23. Bd3 g6 24. Be4 Kd7 25. Bxc6+ Kxc6 26. Kf2 Kd5
27. Ke3 b5 28. Kd3 f5 29. g3 a5 30. Ke3 Kc5 31. Kd3 h6 32. h3 Kd5 33. Ke3 a4
34. g4 axb3 35. h4 h5 36. g5 Kc4 37. Ke2 b4 38. cxb4 Kxb4 39. Kd2 Kc4 40. Ke3
Kd5 41. Kd3 e4+ 42. fxe4+ fxe4+ 43. Kc3 Ke5 44. Kxb3 Kf4 45. Kc2 Ke3 46. b4 Kf2
47. b5 e3 48. b6 e2 49. b7 e1=Q 50. b8=Q Qe2+ 51. Kc3 Qe3+ 52. Kc2 Qc5+ 53. Kd3
Qa3+ 54. Kc2 Qa2+ 55. Kc3 Qa5+ 56. Kc2 Qf5+ 57. Kc3 Qf3+ 58. Kc2 Qe4+ 59. Kc3
Qxh4 60. Qb2+ Kg3 61. Qe2 Qxg5 62. Qd3+ Kh4 63. Qe4+ Qg4 64. Qe7+ g5 65. Kc2
Qg2+ 66. Kb1 Kh3 67. Qd7+ g4 68. Qd3+ Qf3 69. Qd7 h4 70. Kc1 Kh2 71. Qd2+ Qg2
72. Qf4+ Qg3 73. Qd2+ Kh3 74. Kd1 Qf3+ 75. Ke1 Qh1+ 76. Ke2 Qg2+ 77. Ke3 Qxd2+
78. Kxd2 Kg2 0-1

[Event "DVM U16 2020"]
[Site "Willingen GER"]
[Date "2021.06.24"]
[Round "1"]
[White "Bethke, Richard"]
[Black "Weidemann, Jakob"]
[Result "1-0"]
[Termination "normal"]
[Board "10.1"]
[WhiteTitle "FM"]
[WhiteElo "2332"]
[BlackElo "1570"]
[WhiteTeam "SF Neuberg"]
[BlackTeam "Schachklub Münster 32 e. V."]
[PlyCount "67"]
[WhiteFideId "12959243"]
[BlackFideId "16255470"]
[EventCountry "GER"]
[EventRounds "7"]
[EventType "team-swiss"]
[EventDate "2021.06.23"]

1. e4 c5 2. Nf3 d6 3. d4 cxd4 4. Nxd4 Nf6 5. Nc3 g6 6. Be3 Bg7 7. f3 O-O 8. Qd2
Nc6 9. O-O-O d5 10. Kb1 Nxd4 11. e5 Nf5 12. exf6 exf6 13. Bc5 d4 14. Bxf8 Qxf8
15. Nb5 Ne3 16. Re1 Bh6 17. f4 Nd5 18. Qxd4 Nxf4 19. Nc7 Ne6 20. Rxe6 Bxe6 21.
Nxa8 Qxa8 22. Bc4 Bxc4 23. Qxc4 b5 24. Qe2 Qc6 25. Rd1 Kg7 26. g3 Qc5 27. a3
Be3 28. Rd3 Bd4 29. Qe8 Be5 30. Rd8 f5 31. Rd7 Kh6 32. Qxf7 Kg5 33. Qxh7 Qc4
34. h4+ 1-0

[Event "DVM U16 2020"]
[Site "Willingen GER"]
[Date "2021.06.24"]
[Round "1"]
[White "John, Niklas"]
[Black "Baranyai-Molnar, Adam-Kristof"]
[Result "0-1"]
[Termination "normal"]
[Board "10.2"]
[WhiteElo "1521"]
[BlackElo "1783"]
[WhiteTeam "Schachklub Münster 32 e. V."]
[BlackTeam "SF Neuberg"]
[PlyCount "86"]
[WhiteFideId "16234626"]
[BlackFideId "768022"]
[EventCountry "GER"]
[EventRounds "7"]
[EventType "team-swiss"]
[EventDate "2021.06.23"]

1. e4 c5 2. Nf3 e6 3. d4 cxd4 4. Nxd4 a6 5. c4 Nf6 6. Bd3 Nc6 7. Nxc6 dxc6 8.
Bf4 Bb4+ 9. Nc3 Qa5 10. Qc2 e5 11. Bg5 Bxc3+ 12. Qxc3 Qxc3+ 13. bxc3 Nd7 14.
Be3 c5 15. O-O b6 16. f4 f6 17. f5 Bb7 18. a4 a5 19. Rf2 O-O-O 20. Rd2 Nb8 21.
g4 Kc7 22. g5 Rxd3 23. Rxd3 Bxe4 24. Rd2 Bxf5 25. Rf2 Be6 26. gxf6 gxf6 27.
Rxf6 Bxc4 28. Kf2 Nd7 29. Rh6 Rf8+ 30. Kg3 Be2 31. Kg2 Rf3 32. Bd2 Rd3 33. Be1
Bf3+ 34. Kf2 Be4 35. Ke2 c4 36. Ra2 Nc5 37. Bf2 Bf3+ 38. Kf1 Rd1+ 39. Be1 Nd3
40. Rxh7+ Kc6 41. Rh6+ Kc5 42. Re2 Bxe2+ 43. Kxe2 Rxe1+ 0-1

[Event "DVM U16 2020"]
[Site "Willingen GER"]
[Date "2021.06.24"]
[Round "1"]
[White "Kolzenburg, Jan Niklas"]
[Black "Tenbosch, Till Theo"]
[Result "1-0"]
[Termination "normal"]
[Board "10.3"]
[WhiteElo "1671"]
[BlackElo "1307"]
[WhiteTeam "SF Neuberg"]
[BlackTeam "Schachklub Münster 32 e. V."]
[PlyCount "63"]
[WhiteFideId "16274830"]
[BlackFideId "16255461"]
[EventCountry "GER"]
[EventRounds "7"]
[EventType "team-swiss"]
[EventDate "2021.06.23"]

1. e4 c6 2. d4 d5 3. Nc3 dxe4 4. Nxe4 Nf6 5. Nxf6+ exf6 6. Bc4 Bd6 7. Ne2 O-O
8. O-O Bg4 9. c3 Qc7 10. h3 Bh5 11. Be3 Nd7 12. Qd2 Nb6 13. Bb3 Nd5 14. Bxd5
cxd5 15. Bf4 Bxe2 16. Bxd6 Qxd6 17. Qxe2 Rfe8 18. Qb5 a6 19. Qc5 Qxc5 20. dxc5
Re2 21. b4 g6 22. Rfd1 Rd8 23. Rd3 Kf8 24. Rad1 Rxa2 25. Rxd5 Rxd5 26. Rxd5 Ke7
27. Rd6 Rc2 28. Rb6 Rxc3 29. Rxb7+ Ke6 30. Rb6+ Ke7 31. Rxa6 Rc4 32. Rb6 1-0

[Event "DVM U16 2020"]
[Site "Willingen GER"]
[Date "2021.06.24"]
[Round "1"]
[White "Hartwig, Eric-Jordan"]
[Black "Emmerich, Julian"]
[Result "1/2-1/2"]
[Termination "normal"]
[Board "10.4"]
[WhiteElo "1368"]
[BlackElo "1369"]
[WhiteTeam "Schachklub Münster 32 e. V."]
[BlackTeam "SF Neuberg"]
[PlyCount "75"]
[WhiteFideId "16298454"]
[BlackFideId "16274822"]
[EventCountry "GER"]
[EventRounds "7"]
[EventType "team-swiss"]
[EventDate "2021.06.23"]

1. e4 e5 2. d4 exd4 3. Qxd4 Nc6 4. Qe3 d6 5. Nc3 g6 6. Bd2 Bg7 7. Bd3 Nge7 8.
Nge2 Be6 9. a3 Qd7 10. f4 f5 11. O-O-O O-O-O 12. Nb5 Kb8 13. Bc3 Bxc3 14. Nbxc3
Rde8 15. Nd4 fxe4 16. Bxe4 Bf5 17. Bxf5 Nxf5 18. Nxc6+ Qxc6 19. Qf2 Re6 20.
Rde1 Rhe8 21. Rxe6 Rxe6 22. Re1 Qe8 23. Rxe6 Qxe6 24. Kd2 c6 25. g4 Nh6 26. h3
b6 27. Qh4 Nf7 28. Qxh7 d5 29. Qg8+ Kb7 30. Qg7 c5 31. Nd1 d4 32. c3 dxc3+ 33.
Qxc3 Qd6+ 34. Ke2 Qxf4 35. Qf3+ Qxf3+ 36. Kxf3 g5 37. Ke4 Kc6 38. Ne3 1/2-1/2